Paragon Mortgages buy-to-let index (Record no. 105980)
[ view plain ]
| 000 -LEADER | |
|---|---|
| fixed length control field | 01940cam a2200241 4500 |
| 001 - CONTROL NUMBER | |
| control field | ##L135279 |
| 008 - FIXED-LENGTH DATA ELEMENTS--GENERAL INFORMATION | |
| fixed length control field | 061010n2006 000 0 eng u |
| 035 ## - SYSTEM CONTROL NUMBER | |
| System control number | (Sirsi) u135279 |
| 041 0# - LANGUAGE CODE | |
| Language code of text/sound track or separate title | eng |
| 050 04 - LIBRARY OF CONGRESS CALL NUMBER | |
| Classification number | 332.6324 $2 18 |
| 110 2# - MAIN ENTRY--CORPORATE NAME | |
| Corporate name or jurisdiction name as entry element | Paragon Mortgages |
| 9 (RLIN) | 4976 |
| 245 00 - TITLE STATEMENT | |
| Title | Paragon Mortgages buy-to-let index |
| Remainder of title | September 2006 |
| 260 ## - PUBLICATION, DISTRIBUTION, ETC. | |
| Place of publication, distribution, etc. | Solihull |
| Name of publisher, distributor, etc. | Paragon Mortgages |
| Date of publication, distribution, etc. | 2006 |
| 490 #0 - SERIES STATEMENT | |
| Series statement | Paragon Mortgages Buy-to-Let Index |
| Volume/sequential designation | September 2006 |
| 505 0# - FORMATTED CONTENTS NOTE | |
| Formatted contents note | Highlights -- Averages -- Rental yield average for England and Wales -- Property value and rental income average for England and Wales -- Landlord property value, rental value, yield and percentage change by region -- Landlord property yields by region -- Landlord property values by region -- Landlord rental incomes by region -- Landlord property value, rental value, yield and percentage change by property type |
| 520 ## - SUMMARY, ETC. | |
| Summary, etc. | Yields rose in August to 6.06%, the highest since April. Regionally the highest yields were East Midlands (6.58%), Wales (6.49%), southwest England (6.33%) and East Anglia (6.33%). Property values eased nationally for the second consecutive month, down from 0.37% to £171 352, a dip of £644 from July. Seven out of 10 regions saw a rise in property values between August 2005 and August 2006. Rental incomes were £10 377 in July, remaining fairly stable since June (down £56) and are considerably up on the 2006 low in March of £10 082. Total returns over a 12 month period stood at 13% (12.6% in July). The highest returns were in East Anglia (32.6%), northern (20.1%) and southeast England (19.7%). Tables and graphs. |
| 590 ## - LOCAL NOTE (RLIN) | |
| Local note | IKA171006 |
| 650 24 - SUBJECT ADDED ENTRY--TOPICAL TERM | |
| Topical term or geographic name entry element | PARAGON MORTGAGES BUY-TO-LET INDEX |
| 651 #4 - SUBJECT ADDED ENTRY--GEOGRAPHIC NAME | |
| Geographic name | England and Wales |
| Chronological subdivision | 1543- |
| 690 ## - LOCAL SUBJECT ADDED ENTRY--TOPICAL TERM (OCLC, RLIN) | |
| Topical term or geographic name as entry element | PROPERTY-RESIDENTIAL PROPERTY-RESIDENTIAL PROPERTY MARKET |
| 856 40 - ELECTRONIC LOCATION AND ACCESS | |
| Uniform Resource Identifier | <a href="https://www.paragon-mortgages.co.uk/">https://www.paragon-mortgages.co.uk/</a> |
| Public note | View the index free of charge at www.paragon-mortgages.co.uk... |
| 942 ## - ADDED ENTRY ELEMENTS (KOHA) | |
| Suppress in OPAC | 0 |
| Withdrawn status | Lost status | Source of classification or shelving scheme | Damaged status | Not for loan | Home library | Current library | Shelving location | Date acquired | Total Checkouts | Full call number | Barcode | Date last seen | Copy number | Price effective from | Koha item type |
|---|---|---|---|---|---|---|---|---|---|---|---|---|---|---|---|
| Dewey Decimal Classification | Virtual | Virtual | Online | 10/10/2006 | ONLINE PUBLICATION | 135279-2001 | 06/08/2019 | 1 | 06/08/2019 | Book |